| 000 | 00951nam a22001457a 4500 | ||
|---|---|---|---|
| 999 |
_c523842 _d523842 |
||
| 008 | 231005b ||||| |||| 00| 0 eng d | ||
| 100 |
_aSharma, Rekha _944063 |
||
| 245 | _aWomen empowerment: Recent reforms | ||
| 260 | _aYojana | ||
| 300 | _a67(9), Sep, 2023: p.57-61 | ||
| 520 | _aCombating violence, ending child marriage, promoting political and economic empowerment, safeguarding sexual and reproductive health rights, protecting land rights, and implementing gender-responsive budgeting are crucial steps towards achieving gender equality. It is only through collective efforts, involving governments, civil society, and individuals, that we can create a more equal table and inclusive world for women. The Supreme court of India’s recently relapsed handbook on combating gender stenotypes will give a fresh impetus to the quest towards a gender-just legal order. – Reproduced | ||
| 773 | _aYojana | ||
| 906 | _aWOMEN | ||
| 942 | _cAR | ||